[Event "Guwahati op 3rd"]
[Site "Guwahati"]
[Date "2019.10.08"]
[Round "2"]
[White "Priyangshu, Mazumder"]
[Black "Dhulipalla, Bala Chandra Prasad"]
[Result "0-1"]
[WhiteElo "1458"]
[BlackElo "2415"]
[PlyCount "92"]
[EventDate "2019.10.07"]
[EventType "swiss"]
[EventRounds "10"]
[EventCountry "IND"]
[SourceTitle "CBM 192 Extra"]
[Source "Chessbase"]
[SourceDate "2019.11.06"]
[SourceVersion "1"]
[SourceVersionDate "2019.11.06"]
[SourceQuality "1"]

1. e4 Nc6 2. Nf3 d6 3. d4 Nf6 4. Nc3 g6 5. Be2 Bg7 6. 0-0 0-0 7. h3 a6 8. Be3 b5 9. a3 Bb7 10. Qd2 Re8 11. Rad1 e6 12. e5 dxe5 13. Nxe5 Ne7 14. Bf3 Nfd5 15. Nxd5 Bxd5 16. Bxd5 Qxd5 17. Nf3 c5 18. c3 c4 19. Bf4 a5 20. Rfe1 Ra6 21. Ra1 Qb7 22. a4 b4 23. cxb4 axb4 24. Ne5 Rc8 25. Rac1 Bxe5 26. Bxe5 Nd5 27. Qe2 Rac6 28. Qf3 b3 29. Rc3 Qa6 30. Ra1 f6 31. Bxf6 Rf8 32. Qg3 Nxc3 33. Qxc3 Rxf6 34. Re1 Qxa4 35. d5 exd5 36. Re8+ Kf7 37. Rh8 Kg7 38. Re8 Qa1+ 39. Kh2 Qa7 40. Qe5 Qxf2 41. Qxd5 Qf4+ 42. Kg1 Rcd6 43. Qg8+ Kh6 44. Re1 Rd2 45. Kh1 Rxg2 46. Kxg2 Qf2+ 0-1